000 00262nam a22001217a 4500
008 190205b xxu||||| |||| 00| 0 eng d
041 _aeng
080 _24th
_a530
100 _a43
101 _aFIZ
245 _a basic science
_cVerwiebe,F.L
942 _2udc
_cBK
999 _c54017
_d54017